| 000 | 00668nam a2200265 a 4500 | ||
|---|---|---|---|
| 003 | AR-BaBNM | ||
| 005 | 20251128203305.0 | ||
| 008 | 082120s2002 ||||||||||||||000 | spa|| | ||
| 020 | _a950-581-526-3 | ||
| 040 | _cAR-BaBNM | ||
| 100 | 1 | _aGonzález, Miriam | |
| 245 | 0 | 0 | _aEl fuego |
| 260 |
_aBuenos Aires _bColihue _c1988 |
||
| 300 |
_a63 p. _bil. |
||
| 490 | 0 | _aLibros del malabarista | |
| 650 | 4 | _aTEATRO INFANTIL | |
| 650 | 4 | _aLIBROS PARA NIÑOS | |
| 650 | 4 | _aLITERATURA INFANTIL | |
| 650 | 4 | _aINICIACION EN LA LECTURA | |
| 655 | _aLITERATURA | ||
| 700 | 1 | _aUriona, Roberto | |
| 800 | 1 |
_aRoldán, Gustavo _edirector |
|
| 942 | _cBK | ||
| 998 | _cMARTIN | ||
| 999 |
_c2740 _d2740 |
||